banner-ar

ستة من رجال الاعمال : روكفلر - كادبرى - كرنيجى - روتشيلد - رويتر - رودس / (Record no. 45764)

MARC details
000 -الفاتح
حقل البيانات ثابتة الطول 00815nam a2200241Ia 4500
008 - عناصر البيانات ثابتة الطول - معلومات عامة
حقل البيانات ثابتة الطول 140319s9999 xx 000 0 ara d
040 ## - مصدر الفهرسة
وكالة الفهرسة الأصلية GCL /
وكالة النسخ GCL
082 04 - رقم تصنيف ديوى العشرى
رقم التصنيف 923.5
رقم المادة م س
100 1# - المدخل الرئيسى - إسم شخصى
الإسم الشخصى ميشيل عبدالاحد
245 10 - بيان العنوان
العنوان ستة من رجال الاعمال : روكفلر - كادبرى - كرنيجى - روتشيلد - رويتر - رودس /
بيان المسئوليه,etc ميشيل عبدالاحد
700 1# - المدخل الاضافى - اسم شخصى
الإسم الشخصى مكينكول , هارى
300 ## - الوصف المادى
التعداد 82 ص
490 ## - بيان السلسلة
عنوان السلسلة الالف كتاب
رقم المجلد/ التعيين التسلسلي 0
650 04 - المدخل الاضافى بالموضوع-مصطلح موضوعى
مصطلح موضوعي الاداريون
650 04 - المدخل الاضافى بالموضوع-مصطلح موضوعى
مصطلح موضوعي رودس , سسل
650 04 - المدخل الاضافى بالموضوع-مصطلح موضوعى
مصطلح موضوعي روكفلر , جون د
650 04 - المدخل الاضافى بالموضوع-مصطلح موضوعى
مصطلح موضوعي كادبرى , جورج
650 04 - المدخل الاضافى بالموضوع-مصطلح موضوعى
مصطلح موضوعي كارنيجى , اندرو
650 04 - المدخل الاضافى بالموضوع-مصطلح موضوعى
مصطلح موضوعي رويتر , بول يوليوس
650 04 - المدخل الاضافى بالموضوع-مصطلح موضوعى
مصطلح موضوعي روتشلد , مايوامشيل
942 ## - عناصر المدخل الإضافي( كوها)
مصدر التصنيف او مخطط الترفيف Dewey Decimal Classification
Koha [default] item type كتاب
Holdings
حالة التراجع حالة الفقد حالة تلف ليس للاعارة المكان المؤقت الموقع الحالى تاريخ الاكتساب اجمالي اﻻعارات رقم الطلب الباركود تاريخ اخر مشاهدة تاريخ تفعيل السعر نوع وعاء كوها
        مكتبة القاهرة الكبرى مكتبة القاهرة الكبرى 03/26/2014   923.5\م س 111577 03/26/2014 03/26/2014 كتاب

Powered By

EGPV